[Event "Indywidualne Mistrzostwa Polski do lat 20"]
[Site "Osrodek „SUDETY”, Pokrzywna 75"]
[Date "1899-12-30"]
[Round "4.21"]
[White "Golis, Wiktor"]
[Black "Maslanka, Wojciech"]
[Result "1-0"]
[WhiteTitle "I"]
[BlackTitle "I"]
[WhiteElo "1553"]
[BlackElo "1907"]

1. e4 c6 2. d4 d5 3. e5 c5 4. dxc5 Nc6 5. Nf3 e6 6. Bd3 Bxc5 7. O-O Nge7 8. a3
Ng6 9. b4 Be7 10. Re1 O-O 11. Bb2 Bd7 12. Nbd2 Qc7 13. c4 dxc4 14. Nxc4 Rad8 15.
Rc1 a6 16. g3 Qb8 17. Qe2 Bc8 18. Be4 Bd7 19. h4 Rfe8 20. Nb6 Qc7 21. Nxd7 Qxd7
22. Bxc6 bxc6 23. h5 Nf8 24. Qxa6 c5 25. bxc5 Qd5 26. Kg2 Bxc5 27. Red1 Qxd1 28.
Rxd1 Rxd1 29. Bd4 Rxd4 30. Qc6 Red8 31. Qxc5 R4d5 32. Qb4 h6 33. Qb2 Nd7 34. g4
Ra8 35. g5 hxg5 36. Nxg5 Nxe5 37. f4 Nd3 38. Qb7 Rf8 39. Kf3 Rf5 40. Ne4 e5 41.
Ke3 Nxf4 42. a4 Rxh5 43. a5 Rh3+ 44. Kf2 Rh2+ 45. Kf3 Rd8 46. Nd6 f5 47. Qf7+
Kh8 48. Qxf5 e4+ 49. Kxe4 Re2+ 50. Kf3 Ne6 51. Qh5+ Kg8 52. Qf7+ Kh7 53. Kxe2
Rxd6 54. Qb7 Nd4+ 55. Ke3 Nc6 56. a6 Re6+ 57. Kd2 Rf6 58. Kd3 Nb4+ 59. Qxb4 Rxa6
60. Qe4+ Rg6 61. Ke3 Kh6 62. Qh4# 1-0

[Event "Indywidualne Mistrzostwa Polski do lat 20"]
[Site "Osrodek „SUDETY”, Pokrzywna 75"]
[Date "1899-12-30"]
[Round "4.22"]
[White "Bartodziej, Bartosz"]
[Black "Jedrusik, Adam"]
[Result "0-1"]
[WhiteTitle "I"]
[BlackTitle "I++"]
[WhiteElo "1805"]
[BlackElo "1995"]

1. e4 d6 2. d4 Nf6 3. Nc3 g6 4. Nf3 Bg7 5. h3 O-O 6. Be3 c6 7. a4 Qc7 8. a5 Nbd7
9. Qd2 e5 10. dxe5 Nxe5 11. Nxe5 dxe5 12. Bc4 Rd8 13. Qe2 Nh5 14. g3 Bf6 15. Qf3
Qe7 16. Kf1 Ng7 17. Na4 Be6 18. Be2 Bg5 19. Bc5 Qc7 20. Kg2 Qxa5 21. h4 Bh6 22.
h5 Nxh5 23. Qa3 b5 24. b4 Qc7 25. Bxh5 gxh5 26. Rxh5 Bg7 27. Nb2 f6 28. Rah1 a5
29. Rxh7 axb4 30. Qf3 Qf7 31. Bxb4 Rd4 32. Be7 Re8 33. Rxg7+ Qxg7 34. Bxf6 Bg4
35. Qb3+ Be6 36. Bxg7 Bxb3 37. Rh8+ Kxg7 38. Rxe8 Bxc2 39. Rxe5 Rb4 40. Kf3 Rxb2
41. Rc5 Bd1+ 42. Ke3 Rc2 43. Rxc2 Bxc2 44. Kd4 Kf6 45. f4 b4 46. g4 c5+ 0-1

[Event "Indywidualne Mistrzostwa Polski do lat 20"]
[Site "Osrodek „SUDETY”, Pokrzywna 75"]
[Date "1899-12-30"]
[Round "4.23"]
[White "Marciniak, Leonard"]
[Black "Paprocki, Antoni"]
[Result "1/2-1/2"]
[WhiteTitle "I+"]
[BlackTitle "I++"]
[WhiteElo "1738"]
[BlackElo "1889"]

1. e4 c5 2. c3 Nf6 3. e5 Nd5 4. d4 cxd4 5. Nf3 e6 6. cxd4 b6 7. Nc3 Nxc3 8. bxc3
Bb7 9. Bd3 Qc7 10. Bd2 d6 11. O-O Nd7 12. exd6 Bxd6 13. Re1 O-O 14. c4 Rac8 15.
Bc3 Bf4 16. g3 Bh6 17. Nd2 Nf6 18. f4 Qc6 19. Ne4 Nxe4 20. Bxe4 Qxc4 21. Bxb7
Rc7 22. Be4 Qxc3 23. Rc1 Qxc1 24. Qxc1 Rxc1 25. Rxc1 g5 26. f5 g4 27. Rd1 Rc8
28. fxe6 fxe6 29. d5 exd5 30. Bxd5+ Kg7 31. Bb3 Rc7 32. Kg2 Be3 33. h3 gxh3+ 34.
Kxh3 a5 35. Rd3 Bc5 36. a4 Re7 37. Bd5 Rd7 38. Bc4 Rxd3 1/2-1/2

[Event "Indywidualne Mistrzostwa Polski do lat 20"]
[Site "Osrodek „SUDETY”, Pokrzywna 75"]
[Date "1899-12-30"]
[Round "4.24"]
[White "Bujalski, Mateusz"]
[Black "Karut, Kacper"]
[Result "1-0"]
[WhiteTitle "I"]
[BlackTitle "I"]
[WhiteElo "1802"]
[BlackElo "1826"]

1. e4 c5 2. Nc3 Nc6 3. f4 g6 4. Nf3 Bg7 5. Bb5 Nd4 6. O-O Nxb5 7. Nxb5 d6 8. d3
Bd7 9. Nc3 e6 10. Be3 Rc8 11. f5 exf5 12. exf5 Bxf5 13. Bg5 f6 14. Re1+ Kf7 15.
Bf4 Ne7 16. Nb5 Rc6 17. Nxa7 Rb6 18. c4 Nc6 19. Nxc6 Rxc6 20. b4 Qd7 21. b5 Rcc8
22. a4 Rhe8 23. a5 Bg4 24. Rxe8 Rxe8 25. h3 Bh5 26. a6 f5 27. Ra2 bxa6 28. Rxa6
Be5 29. Bxe5 dxe5 30. Ng5+ Kg8 31. Qd2 e4 32. Qf4 e3 33. Rd6 Qa7 34. Ra6 Qd7 35.
Rd6 Qg7 36. Re6 Qa1+ 37. Kh2 Rxe6 38. Qb8+ Kg7 39. Nxe6+ Kf6 1-0

[Event "Indywidualne Mistrzostwa Polski do lat 20"]
[Site "Osrodek „SUDETY”, Pokrzywna 75"]
[Date "1899-12-30"]
[Round "4.25"]
[White "Lechowski, Witold"]
[Black "Kocierz, Pawel"]
[Result "1-0"]
[WhiteTitle "II"]
[BlackTitle "I"]
[WhiteElo "1701"]
[BlackElo "1774"]

1. d4 d5 2. c4 e6 3. Nf3 Nf6 4. Nc3 Be7 5. Bg5 O-O 6. e3 Nbd7 7. Bd3 dxc4 8. Bxc4
c5 9. O-O cxd4 10. Qxd4 a6 11. e4 b5 12. Bb3 Bb7 13. e5 Nd5 14. Bxd5 exd5 15.
Bxe7 Qxe7 16. Nxd5 Qe6 17. Nc7 Qg6 18. Nh4 Qg5 19. Nxa8 Nxe5 20. f4 Qxh4 21. Qxe5
Rxa8 22. Rfe1 Qd8 23. Rad1 Qb6+ 24. Qd4 Qc7 25. Qd6 Qa5 26. b4 1-0

[Event "Indywidualne Mistrzostwa Polski do lat 20"]
[Site "Osrodek „SUDETY”, Pokrzywna 75"]
[Date "1899-12-30"]
[Round "5.1"]
[White "Luczak, Filip"]
[Black "Pacan-milej, Kosma"]
[Result "0-1"]
[WhiteTitle "FM"]
[BlackTitle "FM"]
[WhiteElo "2273"]
[BlackElo "2401"]

1. Nf3 Nf6 2. c4 g6 3. b3 Bg7 4. Bb2 O-O 5. e3 d6 6. d4 e5 7. dxe5 dxe5 8. Nc3
e4 9. Nd2 Re8 10. Qc2 Nc6 11. a3 Bf5 12. Rd1 Nd4 13. Qc1 Ng4 14. Ne2 Nxe2 15.
Bxe2 Qh4 16. g3 Qh3 17. Bf1 Bxb2 18. Qxb2 Qh6 19. Be2 Rad8 20. Qc1 Ne5 21. h4
Nd3+ 22. Bxd3 exd3 23. O-O Bg4 24. f3 Qxe3+ 25. Kg2 Qe2+ 26. Rf2 Bh3+ 27. Kg1
Qe5 28. Kh2 Qd4 29. Ne4 Rxe4 30. fxe4 Qxf2+ 31. Kxh3 d2 32. Qc3 Qe2 33. Qf6 Rd6
34. Qe7 Qxd1 35. Qe8+ Kg7 36. Qe5+ Rf6 0-1

[Event "Indywidualne Mistrzostwa Polski do lat 20"]
[Site "Osrodek „SUDETY”, Pokrzywna 75"]
[Date "1899-12-30"]
[Round "5.2"]
[White "Kosakowski, Jakub"]
[Black "Fiedorek, Michal"]
[Result "1/2-1/2"]
[WhiteTitle "IM"]
[BlackTitle "FM"]
[WhiteElo "2437"]
[BlackElo "2337"]

1. e4 c5 2. Nf3 d6 3. d4 cxd4 4. Nxd4 Nf6 5. Nc3 Nc6 6. Bg5 e6 7. Qd3 Be7 8. O-O-O
O-O 9. h4 Qb6 10. Be2 Rd8 11. Nxc6 bxc6 12. Qg3 Rb8 13. b3 Kh8 14. e5 dxe5 15.
Qxe5 Ba6 16. Na4 Qb7 17. Nc5 Bxc5 18. Rxd8+ Rxd8 19. Bxf6 Ba3+ 20. Kb1 Rg8 21.
h5 h6 22. Qf4 Kh7 23. Qe4+ Kh8 24. Qf4 Kh7 25. Bxa6 Qxa6 26. Qe4+ Kh8 27. Qf4
Kh7 28. Bc3 Qb7 29. Qe4+ Kh8 30. Qe3 Kh7 31. Qe4+ Kh8 32. Rd1 Qc7 33. Qe3 Kh7
34. Qe4+ Kh8 35. Qe3 Kh7 36. Be5 Rd8 37. Rd3 Qa5 38. c3 Rd5 39. Qe4+ Kg8 40. Rxd5
cxd5 41. Qg4 Bf8 42. Bd4 Qb5 1/2-1/2

[Event "Indywidualne Mistrzostwa Polski do lat 20"]
[Site "Osrodek „SUDETY”, Pokrzywna 75"]
[Date "1899-12-30"]
[Round "5.3"]
[White "Sernecki, Franciszek"]
[Black "Mis, Mieszko"]
[Result "1/2-1/2"]
[WhiteTitle "FM"]
[BlackTitle "FM"]
[WhiteElo "2220"]
[BlackElo "2417"]

1. d4 Nf6 2. Nf3 c5 3. d5 e6 4. c4 d6 5. Nc3 exd5 6. cxd5 g6 7. e4 Bg7 8. Be2 O-O
9. O-O a6 10. a4 Bg4 11. Bf4 Bxf3 12. Bxf3 Qe7 13. Re1 Nbd7 14. a5 Rab8 15. Ra4
Ne8 16. Bg4 Ne5 17. Be2 Nc7 18. Qc2 b5 19. axb6 Rxb6 20. Rea1 Rfb8 21. Bc1 h5
22. Bxa6 Nxa6 23. Rxa6 c4 24. Rxb6 Rxb6 25. Ra4 Qb7 26. f4 Nd3 27. Rxc4 Nxc1 28.
Qxc1 Rxb2 29. Qe3 Rc2 30. e5 Qb2 31. Nd1 Rxg2+ 32. Kf1 Qa2 33. Rc8+ Kh7 34. Nc3
Qb2 35. Ne4 Rg4 36. Ng5+ Rxg5 37. fxg5 Qb5+ 38. Kg2 Qxd5+ 39. Qf3 Qxe5 40. h4
Qb2+ 41. Kh3 Qa2 42. Rc7 Qe6+ 43. Kg2 Kg8 44. Qa8+ Bf8 45. Rc8 Qe2+ 46. Kg1 Qe1+
47. Kg2 Qe2+ 1/2-1/2

[Event "Indywidualne Mistrzostwa Polski do lat 20"]
[Site "Osrodek „SUDETY”, Pokrzywna 75"]
[Date "1899-12-30"]
[Round "5.4"]
[White "Psyk, Radoslaw"]
[Black "Koziorowicz, Michal"]
[Result "1/2-1/2"]
[WhiteTitle "k++"]
[BlackTitle "k+"]
[WhiteElo "2412"]
[BlackElo "2309"]

1. e4 c5 2. Nf3 d6 3. Bc4 Nc6 4. d3 Nf6 5. h3 e6 6. Bb3 d5 7. Nbd2 b5 8. c4 bxc4
9. Ba4 Bd7 10. e5 cxd3 11. exf6 Qxf6 12. O-O c4 13. Nb1 Bb4 14. Nc3 Bxc3 15. Bg5
Qg6 16. bxc3 f6 17. Be3 O-O 18. Rb1 Rfb8 19. Qd2 e5 20. Kh2 Qf7 21. Rb2 Qe7 22.
Rfb1 Rxb2 23. Qxb2 Qd6 24. Bxc6 Bxc6 25. Qb4 Qxb4 26. Rxb4 d4 27. Bd2 Bd5 28.
Kg1 a5 29. Rb1 Be4 30. Kf1 Rd8 31. Ke1 dxc3 32. Bxc3 d2+ 33. Nxd2 Bxb1 34. Nxb1
Kf7 35. a3 a4 36. Bb4 Ke6 37. Nc3 Ra8 38. Kd2 f5 39. Nb5 Rc8 40. Kc3 g6 41. f3
Kd5 42. Kd2 Ke6 43. Nc3 Ra8 44. Nd1 f4 45. Kc3 Kd5 46. Nf2 g5 47. Ne4 h6 48. Kd2
Ke6 49. Bc3 Rg8 50. Nc5+ Kf5 51. Nxa4 Ra8 52. Nb2 Rxa3 53. Bxe5 Ra1 54. Bd4 Rh1
55. Ke2 Rc1 56. Kd2 Rh1 57. Ke2 Ke5 1/2-1/2

[Event "Indywidualne Mistrzostwa Polski do lat 20"]
[Site "Osrodek „SUDETY”, Pokrzywna 75"]
[Date "1899-12-30"]
[Round "5.5"]
[White "Niedbala, Bartlomiej"]
[Black "Sowinski, Pawel"]
[Result "1-0"]
[WhiteTitle "FM"]
[BlackTitle "I++"]
[WhiteElo "2385"]
[BlackElo "2075"]

1. Nf3 Nf6 2. c4 c5 3. Nc3 Nc6 4. g3 g6 5. Bg2 Bg7 6. d4 cxd4 7. Nxd4 O-O 8. O-O
d6 9. Nxc6 bxc6 10. Bxc6 Bh3 11. Bg2 Bxg2 12. Kxg2 Rc8 13. Qd3 Qd7 14. Kg1 Qh3
15. f3 Nd7 16. f4 Nc5 17. Qf3 Ne6 18. Qd3 Nc5 19. Qf3 Ne6 20. Nd5 Kh8 21. Qd3
Nc5 22. Qf3 Ne6 23. Qe4 Nd4 24. Qd3 e6 25. Nc3 Nf5 26. Ne4 Nh6 27. Nf2 Qh5 28.
Rb1 d5 29. cxd5 exd5 30. Bd2 d4 31. Rbc1 Rxc1 32. Rxc1 Re8 33. Re1 Ng4 34. Nxg4
Qxg4 35. Kg2 h5 36. b3 Qd7 37. h3 Qb7+ 38. Kf2 Rc8 39. Kg1 Qd7 40. Kh2 Qe6 41.
Kg2 Qc6+ 42. Kh2 Qe6 43. Kg2 Qc6+ 44. Kf2 Qe6 45. Rh1 Kg8 46. Kg2 Re8 47. Re1
Rc8 48. Rf1 Re8 49. Rf2 f5 50. h4 Kh7 51. Kg1 Rc8 52. Rf1 Qb6 53. Kf2 Qb7 54.
Rb1 Qe7 55. Rc1 Rxc1 56. Bxc1 Qb7 57. Ke1 Qc6 58. Kd1 Qc5 59. Bb2 Qa5 60. a3 Qc5
61. Qc4 Qe7 62. Qd3 Qc5 63. Kd2 Qa5+ 64. Kc2 Qe1 65. b4 Qg1 66. Qf3 Qe1 67. Qd3
Qg1 68. b5 Qe1 69. Kb3 Qh1 70. Kc4 Qb7 71. Bxd4 a6 72. Bxg7 Qxb5+ 73. Kc3 Qa5+
74. Kb2 Qb6+ 75. Qb3 Qf2 76. Be5 Qxe2+ 77. Kb1 Qe1+ 78. Ka2 Qe2+ 79. Bb2 1-0

[Event "Indywidualne Mistrzostwa Polski do lat 20"]
[Site "Osrodek „SUDETY”, Pokrzywna 75"]
[Date "1899-12-30"]
[Round "5.6"]
[White "Kozak, Antoni"]
[Black "Mulawa, Cyprian"]
[Result "1-0"]
[WhiteTitle "m"]
[BlackTitle "I"]
[WhiteElo "2356"]
[BlackElo "2010"]

1. d4 Nf6 2. Nf3 c5 3. d5 b5 4. c4 bxc4 5. Nc3 g6 6. e4 d6 7. Bxc4 Bg7 8. O-O Nbd7
9. h3 O-O 10. Bf4 Qa5 11. Qe2 Rb8 12. Rab1 Ne8 13. Bd2 Ne5 14. Nxe5 dxe5 15. b3
Bd7 16. Na4 Qc7 17. Nb2 Nd6 18. Rfc1 Qb6 19. f3 f5 20. Qe3 fxe4 21. fxe4 Rf4 22.
Bd3 Rbf8 23. Kh2 Qd8 24. Rf1 Bh6 25. Qxc5 Rxf1 26. Bxh6 Rxb1 27. Bxb1 Rf7 28.
Qxa7 Nb5 29. Qe3 e6 30. Nc4 Qc7 31. Qg3 exd5 32. exd5 Bf5 33. Bxf5 Rxf5 34. Ne3
Rf7 35. Ng4 e4 36. Qxc7 Nxc7 37. d6 Ne6 38. d7 Kh8 39. Ne5 Rf5 40. Be3 Kg8 41.
Nc6 Rf8 42. b4 Ra8 43. b5 Nd8 44. Bb6 Nb7 45. Na5 Nd8 46. Nc6 Nb7 47. a4 e3 48.
Bxe3 Rxa4 49. d8=R+ Nxd8 50. Nxd8 Rb4 51. b6 1-0

[Event "Indywidualne Mistrzostwa Polski do lat 20"]
[Site "Osrodek „SUDETY”, Pokrzywna 75"]
[Date "1899-12-30"]
[Round "5.7"]
[White "Dalkowski, Rafal"]
[Black "Kacprzak, Karol"]
[Result "1/2-1/2"]
[WhiteTitle "k"]
[BlackTitle "k"]
[WhiteElo "2126"]
[BlackElo "2226"]

1. d4 Nf6 2. c4 e6 3. Nf3 d5 4. Nc3 Bb4 5. Bg5 Nbd7 6. Qc2 c5 7. e3 Qa5 8. Nd2
cxd4 9. exd4 O-O 10. Be2 dxc4 11. Bxf6 Nxf6 12. Nxc4 Qd5 13. O-O Qxd4 14. Rfd1
Qf4 15. g3 Qb8 16. Bf3 h6 17. Qb3 Be7 18. Rac1 b6 19. Bxa8 Qxa8 20. Nd6 Bxd6 21.
Rxd6 Bb7 22. Qd1 Bh1 23. Qf1 Bf3 24. h3 e5 25. Kh2 e4 26. Nd1 Qb8 27. Rdc6 e3
28. Nxe3 Bxc6 29. Rxc6 Qe5 30. Qc1 Ne4 31. Kg1 f5 32. Rc8 Qf6 33. Qc4+ Kh7 34.
Rxf8 Qxf8 35. Qe6 g6 36. h4 h5 37. Kg2 Qc5 38. Qd7+ Kh6 39. Qd8 Qe5 40. Qf8+ Kh7
41. b4 Qb2 42. Qf7+ Kh6 43. Qf8+ Kh7 1/2-1/2

[Event "Indywidualne Mistrzostwa Polski do lat 20"]
[Site "Osrodek „SUDETY”, Pokrzywna 75"]
[Date "1899-12-30"]
[Round "5.8"]
[White "Zalega, Maciej"]
[Black "Fus, Jakub"]
[Result "0-1"]
[WhiteTitle "I"]
[BlackTitle "FM"]
[WhiteElo "1985"]
[BlackElo "2384"]

1. e4 c6 2. d4 d5 3. Nc3 a6 4. Nf3 Bg4 5. Be2 e6 6. h3 Bh5 7. O-O Nf6 8. Bg5 Be7
9. exd5 cxd5 10. Ne5 Bxe2 11. Nxe2 O-O 12. c3 Nbd7 13. Nxd7 Qxd7 14. Ng3 Rac8
15. f4 g6 16. Qe2 Rfe8 17. Rae1 Qd8 18. h4 Nd7 19. Qg4 f5 20. Bxe7 Rxe7 21. Qg5
Kf7 22. h5 Nf6 23. Rf3 Qf8 24. Rfe3 Rce8 25. Kf1 Qg7 26. h6 Qf8 27. Nh1 Ne4 28.
Qh4 Qh8 29. Nf2 Qf6 30. Qxf6+ Kxf6 31. Nh3 b5 32. a3 a5 33. Nf2 Rg8 34. g4 g5
35. gxf5 exf5 36. Nh3 g4 37. Ng5 Rg6 38. a4 bxa4 39. Nxe4+ fxe4 40. c4 Rxh6 41.
cxd5 Kf5 42. Kg2 Kxf4 43. Rg3 Rb6 44. Rf1+ Kg5 45. Rf2 e3 0-1

[Event "Indywidualne Mistrzostwa Polski do lat 20"]
[Site "Osrodek „SUDETY”, Pokrzywna 75"]
[Date "1899-12-30"]
[Round "5.9"]
[White "Chylewski, Patryk"]
[Black "Rog, Bartlomiej"]
[Result "1-0"]
[WhiteTitle "FM"]
[BlackTitle "I++"]
[WhiteElo "2303"]
[BlackElo "2075"]

1. c4 e6 2. g3 f5 3. Bg2 Nf6 4. Nf3 Be7 5. O-O O-O 6. d4 d6 7. Nc3 Ne4 8. Bd2 a5
9. Qc2 Nxd2 10. Qxd2 d5 11. Ne5 c6 12. c5 Bf6 13. f4 Bxe5 14. fxe5 b5 15. cxb6
Qxb6 16. b3 Nd7 17. Na4 Qa7 18. e3 c5 19. Nxc5 Nxc5 20. dxc5 Qxc5 21. Rfc1 Qa7
22. Qd4 Qxd4 23. exd4 Bd7 24. Rc7 Rf7 25. Rac1 a4 26. b4 a3 27. Bf1 Ra4 28. Rb7
Ra8 29. Rcc7 Be8 30. Rxf7 Bxf7 31. b5 Be8 32. b6 Ra4 33. Rb8 1-0

[Event "Indywidualne Mistrzostwa Polski do lat 20"]
[Site "Osrodek „SUDETY”, Pokrzywna 75"]
[Date "1899-12-30"]
[Round "5.10"]
[White "Redzisz, Michal"]
[Black "Kazmierowski, Tymon"]
[Result "1/2-1/2"]
[WhiteTitle "FM"]
[BlackTitle "I++"]
[WhiteElo "2261"]
[BlackElo "2077"]

1. Nf3 Nf6 2. c4 g6 3. Nc3 Bg7 4. g3 O-O 5. Bg2 d6 6. d4 Nbd7 7. O-O e5 8. Qc2
c6 9. Rd1 Qe7 10. b3 Re8 11. e3 d5 12. cxd5 Nxd5 13. Bb2 Nxc3 14. Bxc3 e4 15.
Nd2 f5 16. b4 Nb6 17. Bf1 Be6 18. b5 c5 19. Nb3 cxd4 20. Bxd4 Rac8 21. Qd2 Red8
22. Rac1 Bxb3 23. Rxc8 Bxd1 24. Rxd8+ Qxd8 25. Qxd1 Bxd4 26. exd4 Kg7 27. a4 Nd5
28. Qb3 f4 29. Bc4 Nf6 30. d5 f3 31. Qc3 Qd6 32. Qd4 b6 33. h3 Kf7 34. Bb3 Ke7
35. Kf1 Kd7 36. Ke1 Qa3 37. Qc3 Qd6 38. Qd4 Qa3 39. Qc3 Qd6 40. Qd4 1/2-1/2

[Event "Indywidualne Mistrzostwa Polski do lat 20"]
[Site "Osrodek „SUDETY”, Pokrzywna 75"]
[Date "1899-12-30"]
[Round "5.11"]
[White "Trybus, Daniel"]
[Black "Kacprzak, Kacper"]
[Result "0-1"]
[WhiteTitle "k"]
[BlackTitle "k"]
[WhiteElo "2067"]
[BlackElo "2219"]

1. e4 c5 2. Nf3 d6 3. d4 cxd4 4. Nxd4 Nf6 5. Nc3 a6 6. a4 e6 7. g3 Be7 8. Bg2 O-O
9. O-O Qc7 10. Qe2 Nc6 11. Nb3 b6 12. g4 Bb7 13. g5 Nd7 14. f4 Rfe8 15. Be3 Na5
16. Nxa5 bxa5 17. Qf2 Bf8 18. Rad1 Bc6 19. h4 Rab8 20. b3 Ba8 21. Bd4 Rec8 22.
Kh1 Nc5 23. f5 e5 24. Be3 Rb4 25. Nd5 Nxe4 26. Qe1 Bxd5 27. Rxd5 Qxc2 28. Rxa5
Rxb3 29. Bf2 Nd2 30. Rg1 Qxf5 31. Bg3 Rcc3 32. Qf2 Qg4 33. Bd5 Rf3 34. Bxf3 Nxf3
35. Rc1 Nxh4 36. Rg1 Nf3 37. Rc1 Nxg5 38. Bh2 Ne4 39. Qg2 Ng3+ 0-1

[Event "Indywidualne Mistrzostwa Polski do lat 20"]
[Site "Osrodek „SUDETY”, Pokrzywna 75"]
[Date "1899-12-30"]
[Round "5.12"]
[White "Wojdak, Jan"]
[Black "Budzisz, Adrian"]
[Result "1/2-1/2"]
[WhiteTitle "k"]
[BlackTitle "I++"]
[WhiteElo "2178"]
[BlackElo "1985"]

1. e4 e6 2. d4 d5 3. Nd2 c5 4. exd5 exd5 5. Ngf3 Nf6 6. Bb5+ Bd7 7. Bxd7+ Nbxd7
8. O-O Be7 9. dxc5 Nxc5 10. Re1 O-O 11. Nf1 Re8 12. Be3 Rc8 13. Bd4 Ne6 14. Be5
Bc5 15. Ne3 Bxe3 16. Rxe3 Ng4 17. Re2 Nxe5 18. Rxe5 Qb6 19. b3 Red8 20. Qe2 d4
21. Rd1 h6 22. Nh4 Qc6 23. Nf5 Kf8 24. Qg4 Rd7 25. Rde1 Rcd8 26. R5e2 h5 27. Qg3
Qc5 28. Qf3 Qc6 29. Qg3 Qc5 30. Qf3 Qc6 1/2-1/2

[Event "Indywidualne Mistrzostwa Polski do lat 20"]
[Site "Osrodek „SUDETY”, Pokrzywna 75"]
[Date "1899-12-30"]
[Round "5.13"]
[White "Leskiewicz, Ignacy"]
[Black "Warchol, Kamil"]
[Result "1-0"]
[WhiteTitle "k"]
[BlackTitle "CM"]
[WhiteElo "2177"]
[BlackElo "1956"]

1. e4 c5 2. Nf3 d6 3. d4 cxd4 4. Nxd4 Nf6 5. Nc3 Nc6 6. Bg5 Qb6 7. Nb3 e6 8. Be2
Be7 9. Qd2 O-O 10. O-O Rd8 11. a4 Rd7 12. Rfd1 h6 13. Bh4 Nxe4 14. Nxe4 Bxh4 15.
Qf4 Bd8 16. Nxd6 Bg5 17. Qe4 Ne7 18. Nc4 Qc7 19. Nd4 Qc5 20. c3 Bf6 21. Nb5 a6
22. Nbd6 Nd5 23. Qg4 g6 24. Ne4 Qe7 25. Nxf6+ Nxf6 26. Qh4 Kg7 27. Nb6 Rxd1+ 28.
Rxd1 Rb8 29. Qd4 e5 30. Qd8 Qc5 31. b4 Qxc3 32. Qxf6+ Kxf6 33. Nd5+ Ke6 34. Nxc3
Bd7 35. Bc4+ Ke7 36. Nd5+ Kf8 37. a5 Be6 38. Nb6 Re8 39. Bxe6 Rxe6 40. Rd8+ Kg7
41. Rd7 Kf8 42. Rxb7 Ke8 43. g3 1-0

[Event "Indywidualne Mistrzostwa Polski do lat 20"]
[Site "Osrodek „SUDETY”, Pokrzywna 75"]
[Date "1899-12-30"]
[Round "5.14"]
[White "Malek, Jan"]
[Black "Sidorczuk, Pawel"]
[Result "1-0"]
[WhiteTitle "I++"]
[BlackTitle "I+"]
[WhiteElo "2149"]
[BlackElo "1887"]

1. e4 e5 2. Nf3 Nc6 3. Bb5 a6 4. Ba4 Nf6 5. O-O Be7 6. d3 b5 7. Bb3 O-O 8. a4 b4
9. a5 d6 10. Nbd2 Rb8 11. c3 Be6 12. Nc4 h6 13. Re1 bxc3 14. bxc3 Qc8 15. Ba4
Na7 16. Qe2 Nb5 17. Bd2 Rd8 18. h3 Kh8 19. Rab1 Kg8 20. Kh1 Nh7 21. Ne3 Ng5 22.
Rb2 Na3 23. Bc1 Nb5 24. Bd2 Na3 25. Rxb8 Qxb8 26. Nd5 Bxd5 27. Bxg5 Bxg5 28. exd5
Qa7 29. d4 Bf6 30. Ra1 Nb5 31. Bxb5 axb5 32. Qxb5 exd4 33. cxd4 Bxd4 34. Nxd4
Qxd4 35. Ra2 Ra8 36. a6 Qb6 37. Qc4 g6 38. h4 h5 39. Qd3 Kg7 40. Kh2 Kg8 41. Qc4
Qc5 42. Qb3 Qb6 43. Qd3 Kg7 44. g3 Kg8 45. Kg1 Kh7 46. Ra4 Kg8 47. Qc4 Kf8 48.
Kf1 Qb1+ 49. Kg2 Qb6 50. Kf3 Kg8 51. Ra2 Kg7 52. Ra4 Kh7 53. Kg2 Kg8 54. Qa2 Qc5
55. a7 Qb6 56. Ra6 Qb7 57. Ra5 Kh7 58. Qa4 Kg7 59. Qd4+ Kg8 60. Ra4 Kh7 61. Ra2
Kg8 62. Ra3 Kh7 63. Kg1 Kg8 64. Kh2 Kh7 65. Rf3 Kg8 66. Re3 Qb6 67. Qf6 Qxa7 68.
g4 hxg4 69. h5 gxh5 70. Re7 g3+ 71. Kxg3 Qa3+ 72. Kg2 Rf8 73. Qg5+ Kh7 74. Qxh5+
Kg7 75. Qg5+ 1-0

[Event "Indywidualne Mistrzostwa Polski do lat 20"]
[Site "Osrodek „SUDETY”, Pokrzywna 75"]
[Date "1899-12-30"]
[Round "5.15"]
[White "Raczek, Krzysztof"]
[Black "Jarzebowski, Kacper"]
[Result "1-0"]
[WhiteTitle "I++"]
[BlackTitle "k+"]
[WhiteElo "2029"]
[BlackElo "2148"]

1. e4 c6 2. d4 d5 3. Nc3 a6 4. e5 c5 5. f4 cxd4 6. Qxd4 e6 7. Nf3 Ne7 8. Qf2 Nd7
9. Bd3 Nc6 10. Be3 b5 11. O-O Be7 12. Ne2 Bb7 13. Ned4 Nxd4 14. Nxd4 O-O 15. Qg3
Qc7 16. f5 Qxe5 17. Qh3 Nf6 18. fxe6 fxe6 19. Qxe6+ Qxe6 20. Nxe6 Rfc8 21. Bd4
Rc6 22. Rae1 Re8 23. Nf4 Rcc8 24. Bf5 Rc4 25. c3 Bc8 26. Bc2 Bb7 27. Bb3 Rcc8
28. Re6 Kf7 29. Rb6 Rb8 30. Bxf6 Bc5+ 31. Bd4 Bxb6 32. Bxb6 Kg8 33. Bd4 Rbd8 34.
g3 Re4 35. Bc2 Ree8 36. Bf5 Bc8 37. Bxc8 Rxc8 38. Nxd5 Rcd8 39. Nf4 g5 40. Nh5
Re2 41. Nf6+ Kf7 42. Ne4+ Kg6 43. Rf6+ Kh5 44. Nf2 g4 45. Rxa6 Rxb2 46. Be3 1-0

[Event "Indywidualne Mistrzostwa Polski do lat 20"]
[Site "Osrodek „SUDETY”, Pokrzywna 75"]
[Date "1899-12-30"]
[Round "5.16"]
[White "Bartoszczuk, Adam"]
[Black "Krawczyk, Flawian"]
[Result "0-1"]
[WhiteTitle "I"]
[BlackTitle "I++"]
[WhiteElo "1380"]
[BlackElo "2114"]

1. e4 c5 2. Nf3 d6 3. Bb5+ Bd7 4. Bxd7+ Qxd7 5. O-O Nc6 6. c3 g6 7. d4 cxd4 8.
cxd4 Bg7 9. Nc3 Nf6 10. Qe2 O-O 11. Rd1 Ne8 12. Bf4 Nc7 13. Bg3 Rab8 14. e5 Rbd8
15. Rac1 Bh6 16. Rb1 d5 17. h4 Qf5 18. Nh2 Ne6 19. Ng4 Kg7 20. Nxh6 Kxh6 21. Qe3+
Kg7 22. Rbc1 h6 23. Ne2 g5 24. h5 Qg4 25. f3 Qxh5 26. Kf2 Qg6 27. Rh1 Rc8 28.
f4 Nb4 29. Rcd1 Rc2 30. Qf3 g4 31. Qe3 Qf5 32. Rd2 Rfc8 33. Rhd1 Ng5 34. Kg1 Ne4
35. Rxc2 Rxc2 36. Be1 Na6 37. Ng3 Nxg3 38. Qxg3 Rxb2 39. Qa3 Rc2 40. Qxe7 Qe4
41. Qf6+ Kg8 42. Bd2 Qe2 43. Qxh6 Qxd1+ 44. Kh2 g3+ 45. Kxg3 Rc6 46. e6 Rxe6 47.
Qh4 Rg6+ 48. Kh2 Qxd2 49. Qd8+ Kg7 50. Qxd5 Qxg2+ 51. Qxg2 Rxg2+ 52. Kxg2 Kf6
53. Kf3 Kf5 54. Ke3 Nb4 55. a4 Nd5+ 56. Kd3 Kxf4 57. Kc4 Ke4 58. Kc5 f5 59. a5
b6+ 60. axb6 axb6+ 0-1

[Event "Indywidualne Mistrzostwa Polski do lat 20"]
[Site "Osrodek „SUDETY”, Pokrzywna 75"]
[Date "1899-12-30"]
[Round "5.17"]
[White "Janeczko, Jakub"]
[Black "Zielonka, Adam"]
[Result "1-0"]
[WhiteTitle "I++"]
[BlackTitle "I"]
[WhiteElo "2091"]
[BlackElo "1862"]

1. e4 c5 2. Nf3 e6 3. d3 Nc6 4. g3 d5 5. Nbd2 Nf6 6. Bg2 Be7 7. O-O O-O 8. Re1
b5 9. e5 Nd7 10. h4 a5 11. Nf1 b4 12. N1h2 Ba6 13. h5 h6 14. Ng4 c4 15. d4 a4
16. Qd2 Bg5 17. Nxg5 Qxg5 18. Qd1 Qe7 19. a3 Rfb8 20. axb4 Qxb4 21. c3 Qe7 22.
Rxa4 Bb5 23. Rxa8 Rxa8 24. b4 cxb3 25. Qxb3 Ba4 26. Qb1 Rb8 27. Qd3 Na5 28. f4
Nb3 29. Be3 Bb5 30. Qc2 Bc4 31. f5 exf5 32. Qxf5 Qe6 33. Qf4 Bd3 34. Bh3 Qc6 35.
Nxh6+ Qxh6 36. Qxh6 gxh6 37. Bxd7 Be4 38. Bxh6 Na5 39. e6 fxe6 40. Bxe6+ Kh7 41.
Bf4 Rb2 42. Rxe4 dxe4 43. Bf5+ Kh8 44. Be5+ Kg8 45. h6 1-0

[Event "Indywidualne Mistrzostwa Polski do lat 20"]
[Site "Osrodek „SUDETY”, Pokrzywna 75"]
[Date "1899-12-30"]
[Round "5.18"]
[White "Bujalski, Mateusz"]
[Black "Golis, Wiktor"]
[Result "0-1"]
[WhiteTitle "I"]
[BlackTitle "I"]
[WhiteElo "1802"]
[BlackElo "1553"]

1. e4 c5 2. Nc3 Nc6 3. f4 g6 4. Nf3 Bg7 5. Bb5 Nd4 6. O-O a6 7. Bc4 e6 8. d3 Ne7
9. e5 Nxf3+ 10. Qxf3 d5 11. exd6 Qxd6 12. Ne4 Qc7 13. Be3 O-O 14. Nxc5 Nf5 15.
c3 b6 16. Ne4 Bb7 17. Qf2 Nxe3 18. Qxe3 Rfd8 19. Ng5 Qc6 20. Rf2 b5 21. Bb3 b4
22. d4 bxc3 23. bxc3 Rac8 24. Rc2 a5 25. a4 Qb6 26. Bxe6 Rxc3 27. Bxf7+ Kh8 28.
Rxc3 Bxd4 29. Re1 Qb2 30. Nf3 Bxf3 31. Qxd4+ Rxd4 32. Rxf3 Rd2 33. Rg3 Qd4+ 34.
Rge3 Rd3 0-1

[Event "Indywidualne Mistrzostwa Polski do lat 20"]
[Site "Osrodek „SUDETY”, Pokrzywna 75"]
[Date "1899-12-30"]
[Round "5.19"]
[White "Jedrusik, Adam"]
[Black "Radzimski, Antoni"]
[Result "1/2-1/2"]
[WhiteTitle "I++"]
[BlackTitle "I"]
[WhiteElo "1995"]
[BlackElo "1613"]

1. d4 d5 2. c4 e6 3. Nf3 c6 4. g3 dxc4 5. Bg2 b5 6. O-O Bb7 7. Nc3 Nf6 8. Bg5 Be7
9. Bxf6 Bxf6 10. Ne4 Be7 11. a4 a6 12. Ne5 O-O 13. Nc5 Bxc5 14. dxc5 f6 15. Nf3
Qe7 16. Nd4 Rd8 17. e3 Nd7 18. axb5 axb5 19. Rxa8 Bxa8 20. b4 cxb3 21. Qxb3 Nxc5
22. Qb4 Qa7 23. Bxc6 Nd3 24. Qxb5 Ne5 25. Bxa8 Qxa8 26. f4 Ng4 27. Qe2 Qe4 28.
Re1 f5 29. h3 Nf6 30. Kf2 Qd5 31. Qf3 Ne4+ 32. Kg2 Rb8 33. Re2 g6 34. Kh2 Rb1
35. Rc2 Qa5 36. Qg2 Qe1 37. Re2 Qc1 38. Nxe6 Ra1 39. Ng5 h5 40. Nf3 Kg7 41. Ng5
Rb1 42. Nxe4 fxe4 43. g4 h4 44. g5 Kg8 45. Rd2 Ra1 46. Rd6 Qxe3 47. Rxg6+ Kf7
48. Rf6+ Kg8 49. g6 Qf3 50. g7 Qxg2+ 1/2-1/2